000 01229cam a2200361 4500
008 090401t1994 xxu||||| |||| 00| 0 eng d
020 _a0851256244
035 _a(Sirsi) u37466
041 _aeng
050 _a691
100 _aPaul, V.
245 _aPerformance of building materials in contaminated land.
260 _aGarston, Watford
_bBuilding Research Establishment
_c1994
300 _av,60p. ; 30cm.
350 _a30
490 _aBRE Building Renewal
_v255
490 _aBuilding
_v255 Research Establishment Report
520 _aInvestigates how standard construction materials can be attacked, corroded or otherwise degraded by contact with aggressive chemicals and bacteria in soil on former industrial land.
650 _aAGGRESSIVE GROUND
650 _aBRICKWORK
650 _aBUILT ENVIRONMENT-BUILDING MATERIALS
650 _aCONCRETE
650 _aBUILT ENVIRONMENT-BUILDING MATERIALS
650 _aCONTAMINATED LAND
650 _aCORROSION
650 _aBUILT ENVIRONMENT-BUILDING MATERIALS-METAL
650 _aPLASTICS
650 _aRUBBER
690 _aBUILT ENVIRONMENT-BUILDING MATERIALS
710 _aBuilding Research Establishment
942 _n0
948 _c04/03/1997
999 _c90483
_d90483